000 01729nam a22002417a 4500
001 6892
003 FISKH
005 20250605113014.0
008 250604b cb ||||| |||| 00| 0 eng d
020 _a9789995000745
040 _aFISKH
_bkhr
_cFISKH
_dFISKH
082 _a540
100 _aSocheat, Soun
245 _aវិទ្យាសាស្រ្ត គីមីវិទ្យា ថ្នាក់ទី ១១ /
_cលោក សួន សុជាតិ ,លោកស្រី អន កិត្យាសុី ,លោក ចាន់ ខេង និងលោក មុី សុវុឌ្ឍី
250 _aបោះពុម្ពឆ្នាំ២០២៣
260 _aភ្នំពេញ :
_bគ្រឺះស្ថានបោះពុម្ពនិងចែកផ្សាយ​ ,
_c២០២៣ .
300 _a252 pages :
_billustrations ;
_c25 cm .
520 _aសៀវភៅគីមីវិទ្យាថ្នាក់ទី១១ គឺជាផ្នែកមួយនៃកម្មវិធីសិក្សាផ្លូវការរបស់ក្រសួងអប់រំ យុវជន និងកីឡា ដែលមានគោលបំណងបង្រៀនសិស្សអំពីគ្រឿងផ្សំ និងចលនារបស់អាតូម និងធាតុគីមីផ្សេងៗ។
520 _aThe Grade 11 Chemistry textbook is part of the official curriculum developed by the Ministry of Education, Youth and Sport of Cambodia. It is designed to teach students about the components and behavior of atoms and various chemical elements.
700 _aPhany, Hak
_eIllustrator
942 _2ddc
_cKHB
_n0
999 _c6892
_d6892